书目信息 |
| 题名: |
我的人生哲学
|
|
| 作者: | 大前研一 著 | |
| 分册: | ||
| 出版信息: | 北京 中信出版社 2007.12 |
|
| 页数: | 188页 | |
| 开本: | 20cm | |
| 丛书名: | ||
| 单 册: | ||
| 中图分类: | F270 | |
| 科图分类: | ||
| 主题词: | 企业经济 | |
| 电子资源: | ||
| ISBN: | 978-7-5086-1000-9 | |
| 000 | 00582nam0 2200217 45 | |
| 001 | 0957758083 | |
| 005 | 20091022160413.76 | |
| 010 | @a978-7-5086-1000-9@dCNY23.00 | |
| 100 | @a20090515d2007 ekmy0 y0120 ea | |
| 102 | @aCN@b130000 | |
| 102 | @aCN@b110000 | |
| 105 | @ay z 000yy | |
| 200 | 1 | @a我的人生哲学@f(日)大前研一著@F(ri)da qian yan yi zhu |
| 210 | @a北京@c中信出版社@d2007.12 | |
| 215 | @a188页@d20cm | |
| 606 | 0 | @a企业经济 |
| 690 | @aF270@v4 | |
| 701 | 0 | @a大前研一@Ada qian yan yi@4著 |
| 801 | 0 | @aCN@c20091022 |
| 905 | @a10447@dF270@eD0682 | |
| 906 | @d23@n2@r1 | |
| 我的人生哲学/(日)大前研一著.-北京:中信出版社,2007.12 |
| 188页;20cm |
| ISBN 978-7-5086-1000-9:CNY23.00 |
| ● |
| 相关链接 |
|
|
|
正题名:我的人生哲学
索取号:F270/D0682
 
预约/预借
| 序号 | 登录号 | 条形码 | 馆藏地/架位号 | 状态 | 备注 |
| 1 | 890215 | 208902151 | 社科库409/409社科库 82排3列4层/ [索取号:F270/D0682] | 在馆 | |
| 2 | 890216 | 208902160 | 社科库409/409社科库 82排3列4层/ [索取号:F270/D0682] | 在馆 |